[Event "DEM U16w 2022"]
[Site "Willingen GER"]
[Date "2022.06.08"]
[Round "5"]
[White "Einacker, Anika"]
[Black "von Beckh, Frieda"]
[Result "0-1"]
[Termination "normal"]
[Board "10"]
[WhiteElo "1160"]
[BlackElo "1651"]
[WhiteClock "00:17:39"]
[BlackClock "00:43:10"]
[PlyCount "84"]
[WhiteFideId "34620591"]
[BlackFideId "16233751"]
[EventCountry "GER"]
[EventRounds "9"]
[EventType "swiss"]
[EventDate "2022.06.04"]

1. e4 {[%clk 1:30:57]} c5 {[%clk 1:30:56]} 2. Nf3 {[%clk 1:31:21]} Nc6 {[%clk
1:31:17]} 3. Bb5 {[%clk 1:31:20]} g6 {[%clk 1:31:32]} 4. O-O {[%clk 1:31:40]}
Bg7 {[%clk 1:31:55]} 5. Re1 {[%clk 1:30:41]} Nd4 {[%clk 1:29:30]} 6. Nxd4
{[%clk 1:22:17]} cxd4 {[%clk 1:29:13]} 7. d3 {[%clk 1:18:36]} Nf6 {[%clk
1:26:36]} 8. Nd2 {[%clk 1:16:56]} O-O {[%clk 1:26:28]} 9. Nf3 {[%clk 1:15:47]}
a6 {[%clk 1:24:12]} 10. Ba4 {[%clk 1:12:46]} b5 {[%clk 1:23:21]} 11. Bb3 {[%clk
1:13:04]} Qb6 {[%clk 1:23:45]} 12. a4 {[%clk 1:09:30]} Bb7 {[%clk 1:23:14]} 13.
a5 {[%clk 1:08:24]} Qc5 {[%clk 1:23:01]} 14. Bd2 {[%clk 1:08:12]} Rac8 {[%clk
1:21:10]} 15. Rc1 {[%clk 1:07:04]} d5 {[%clk 1:18:58]} 16. e5 {[%clk 1:05:59]}
Nd7 17. Bf4 {[%clk 1:04:20]} e6 {[%clk 1:17:06]} 18. Qd2 {[%clk 1:00:35]} Rfe8
{[%clk 1:13:44]} 19. Bh6 {[%clk 0:48:16]} Bh8 20. Qf4 {[%clk 0:46:55]} f6
{[%clk 1:10:45]} 21. exf6 Bxf6 22. Qg4 {[%clk 0:45:15]} Qd6 {[%clk 1:09:55]}
23. Nxd4 {[%clk 0:41:31]} Be5 {[%clk 1:00:41]} 24. Qh4 Qc5 25. c3 {[%clk
0:22:38]} Qc7 {[%clk 0:43:19]} 26. Qh3 {[%clk 0:16:59]} Nc5 {[%clk 0:38:04]}
27. Bc2 {[%clk 0:15:31]} b4 {[%clk 0:34:06]} 28. Nf3 {[%clk 0:14:28]} Bf4
{[%clk 0:29:42]} 29. Bxf4 {[%clk 0:14:28]} Qxf4 {[%clk 0:30:06]} 30. d4 {[%clk
0:12:44]} Ne4 {[%clk 0:27:30]} 31. Bxe4 {[%clk 0:12:07]} dxe4 {[%clk 0:27:53]}
32. Ne5 {[%clk 0:11:43]} Qd2 {[%clk 0:25:11]} 33. Rb1 {[%clk 0:05:36]} bxc3
{[%clk 0:23:32]} 34. bxc3 {[%clk 0:05:18]} Rxc3 {[%clk 0:23:56]} 35. Red1
{[%clk 0:03:51]} Qxd1+ {[%clk 0:21:22]} 36. Rxd1 {[%clk 0:04:00]} Rxh3 {[%clk
0:21:48]} 37. gxh3 {[%clk 0:04:16]} Rc8 {[%clk 0:21:16]} 38. Rb1 {[%clk
0:01:39]} Bd5 {[%clk 0:21:39]} 39. Kf1 {[%clk 0:01:08]} Rc3 {[%clk 0:20:02]}
40. Rb6 {[%clk 0:00:40]} e3 {[%clk 0:15:29]} 41. Ng4 {[%clk 0:25:09]} Bc4+
{[%clk 0:44:00]} 42. Kg1 {[%clk 0:17:39]} Rc1+ {[%clk 0:43:10]} 0-1

[Event "DEM U16w 2022"]
[Site "Willingen GER"]
[Date "2022.06.08"]
[Round "5"]
[White "Dohon, Maria-Johanna"]
[Black "Racky, Selina"]
[Result "1/2-1/2"]
[Termination "normal"]
[Board "11"]
[WhiteElo "1578"]
[BlackElo "1424"]
[WhiteClock "00:22:25"]
[BlackClock "00:24:23"]
[PlyCount "54"]
[WhiteFideId "34600957"]
[BlackFideId "16239440"]
[EventCountry "GER"]
[EventRounds "9"]
[EventType "swiss"]
[EventDate "2022.06.04"]

1. d4 {[%clk 1:30:59]} d5 {[%clk 1:30:59]} 2. c4 {[%clk 1:31:22]} c6 {[%clk
1:31:27]} 3. cxd5 {[%clk 1:31:46]} cxd5 {[%clk 1:31:52]} 4. Nc3 {[%clk
1:32:10]} Nf6 {[%clk 1:25:33]} 5. Bf4 {[%clk 1:32:32]} e6 {[%clk 1:25:44]} 6.
e3 {[%clk 1:31:45]} a6 {[%clk 1:18:25]} 7. Bd3 {[%clk 1:31:40]} Bd6 {[%clk
1:18:09]} 8. Bg3 {[%clk 1:29:32]} Nc6 {[%clk 1:15:01]} 9. Nf3 {[%clk 1:28:25]}
b5 {[%clk 1:02:47]} 10. O-O {[%clk 1:17:47]} Bxg3 {[%clk 0:59:52]} 11. hxg3
{[%clk 1:17:00]} Bb7 {[%clk 0:59:35]} 12. Rc1 {[%clk 1:12:44]} O-O {[%clk
0:59:44]} 13. Bb1 {[%clk 0:59:31]} Ne7 {[%clk 0:55:20]} 14. Ne5 {[%clk
0:54:02]} Nd7 {[%clk 0:48:27]} 15. Qd3 {[%clk 0:41:58]} g6 {[%clk 0:46:24]} 16.
Nxd7 {[%clk 0:37:55]} Qxd7 {[%clk 0:46:39]} 17. Ne2 {[%clk 0:37:37]} Rac8
{[%clk 0:41:13]} 18. Nf4 {[%clk 0:35:40]} Nf5 {[%clk 0:37:21]} 19. b3 {[%clk
0:34:33]} Rxc1 {[%clk 0:34:11]} 20. Rxc1 {[%clk 0:34:57]} Rc8 {[%clk 0:34:33]}
21. Rxc8+ {[%clk 0:31:39]} Qxc8 {[%clk 0:34:46]} 22. Qc2 {[%clk 0:31:34]} Qxc2
{[%clk 0:31:16]} 23. Bxc2 {[%clk 0:31:32]} Nd6 {[%clk 0:31:32]} 24. f3 {[%clk
0:31:05]} b4 {[%clk 0:31:22]} 25. Nd3 {[%clk 0:27:39]} a5 {[%clk 0:29:56]} 26.
Nc5 {[%clk 0:23:48]} Ba8 {[%clk 0:24:46]} 27. Bd3 {[%clk 0:22:25]} Kf8 {[%clk
0:24:23]} 1/2-1/2

[Event "DEM U16w 2022"]
[Site "Willingen GER"]
[Date "2022.06.08"]
[Round "5"]
[White "Miriieva, Amina"]
[Black "Foos, Vanessa"]
[Result "1-0"]
[Termination "normal"]
[Board "12"]
[WhiteElo "1155"]
[BlackElo "1462"]
[WhiteClock "00:54:20"]
[BlackClock "00:06:28"]
[PlyCount "91"]
[WhiteFideId "34154957"]
[BlackFideId "16245270"]
[EventCountry "GER"]
[EventRounds "9"]
[EventType "swiss"]
[EventDate "2022.06.04"]

1. e4 {[%clk 1:30:59]} d6 {[%clk 1:30:55]} 2. d4 {[%clk 1:31:14]} Nf6 {[%clk
1:31:16]} 3. Nc3 {[%clk 1:31:14]} g6 {[%clk 1:31:36]} 4. Bc4 {[%clk 1:31:18]}
Bg7 {[%clk 1:31:56]} 5. Nge2 {[%clk 1:31:27]} O-O {[%clk 1:27:35]} 6. O-O
{[%clk 1:31:42]} Nxe4 {[%clk 1:25:02]} 7. Bxf7+ {[%clk 1:30:13]} Rxf7 {[%clk
1:25:25]} 8. Nxe4 {[%clk 1:30:33]} h6 {[%clk 1:23:30]} 9. Be3 {[%clk 1:29:54]}
Nd7 {[%clk 1:22:34]} 10. Qd2 {[%clk 1:30:05]} Kh7 {[%clk 1:16:19]} 11. f4
{[%clk 1:28:07]} Nf6 {[%clk 1:14:47]} 12. N4g3 {[%clk 1:27:35]} Ng4 {[%clk
1:08:15]} 13. Rf3 {[%clk 1:24:19]} Nxe3 {[%clk 1:08:40]} 14. Rxe3 {[%clk
1:24:27]} Bf5 {[%clk 1:02:42]} 15. Rf1 {[%clk 1:20:15]} Qf8 {[%clk 1:00:06]}
16. Nxf5 {[%clk 1:20:05]} Rxf5 {[%clk 0:59:50]} 17. g4 {[%clk 1:19:40]} Rf7
{[%clk 1:00:06]} 18. Rh3 {[%clk 1:18:38]} Rd8 {[%clk 0:36:25]} 19. Nc3 {[%clk
1:14:21]} e5 {[%clk 0:24:22]} 20. Ne4 {[%clk 1:13:00]} Kg8 {[%clk 0:24:22]} 21.
dxe5 {[%clk 1:11:12]} dxe5 {[%clk 0:24:21]} 22. Qf2 {[%clk 1:10:01]} Rd4 {[%clk
0:17:26]} 23. Qg2 {[%clk 1:02:55]} Rxf4 {[%clk 0:14:28]} 24. Rxf4 {[%clk
1:00:42]} Qxf4 {[%clk 0:14:07]} 25. Nc3 {[%clk 0:59:13]} Qc1+ {[%clk 0:12:53]}
26. Kf2 {[%clk 0:59:18]} Rd2+ {[%clk 0:12:46]} 27. Ne2 {[%clk 0:59:14]} e4
{[%clk 0:12:27]} 28. Qxe4 {[%clk 0:58:21]} Qd1 {[%clk 0:10:57]} 29. Qe8+ {[%clk
0:58:05]} Kh7 {[%clk 0:11:15]} 30. Re3 {[%clk 0:57:30]} Rd8 {[%clk 0:09:01]}
31. Qe4 {[%clk 0:55:08]} Rf8+ {[%clk 0:08:43]} 32. Rf3 {[%clk 0:53:33]} Rxf3+
{[%clk 0:09:04]} 33. Qxf3 {[%clk 0:53:48]} Qxc2 {[%clk 0:08:56]} 34. Qxb7
{[%clk 0:52:31]} Qxb2 {[%clk 0:08:57]} 35. Qxa7 {[%clk 0:51:49]} Qb6+ {[%clk
0:09:25]} 36. Qxb6 {[%clk 0:51:49]} cxb6 {[%clk 0:09:54]} 37. Ke3 {[%clk
0:52:06]} Bf8 {[%clk 0:10:06]} 38. Ke4 {[%clk 0:52:15]} Bd6 {[%clk 0:08:39]}
39. h3 {[%clk 0:52:33]} Kg7 {[%clk 0:08:07]} 40. Kd5 {[%clk 0:52:44]} Bc5
{[%clk 0:07:49]} 41. Nc3 {[%clk 0:52:41]} Kf6 {[%clk 0:06:32]} 42. Ne4+ {[%clk
0:53:01]} Kf7 {[%clk 0:05:54]} 43. Nxc5 {[%clk 0:53:25]} bxc5 {[%clk 0:06:23]}
44. Kxc5 {[%clk 0:53:53]} Kf6 {[%clk 0:06:09]} 45. a4 {[%clk 0:54:18]} h5
{[%clk 0:06:28]} 46. gxh5 {[%clk 0:54:20]} 1-0

[Event "DEM U16w 2022"]
[Site "Willingen GER"]
[Date "2022.06.08"]
[Round "6"]
[White "Derling, Charlotte"]
[Black "Pohle, Saskia"]
[Result "0-1"]
[Termination "normal"]
[Board "1"]
[WhiteElo "1506"]
[BlackElo "1827"]
[WhiteClock "00:18:53"]
[BlackClock "00:31:35"]
[PlyCount "56"]
[WhiteFideId "16222237"]
[BlackFideId "16201604"]
[EventCountry "GER"]
[EventRounds "9"]
[EventType "swiss"]
[EventDate "2022.06.04"]

1. e4 {[%clk 1:30:57]} e5 {[%clk 1:30:56]} 2. Nf3 {[%clk 1:31:18]} Nc6 {[%clk
1:31:23]} 3. d4 {[%clk 1:31:36]} exd4 {[%clk 1:31:47]} 4. Nxd4 {[%clk 1:32:00]}
Nf6 {[%clk 1:32:10]} 5. Nxc6 {[%clk 1:32:07]} bxc6 {[%clk 1:32:32]} 6. e5
{[%clk 1:32:26]} Qe7 {[%clk 1:32:17]} 7. Qe2 {[%clk 1:32:27]} Nd5 {[%clk
1:32:08]} 8. c4 {[%clk 1:30:59]} Ba6 {[%clk 1:28:28]} 9. b3 {[%clk 1:25:50]} g6
{[%clk 1:23:49]} 10. Bb2 {[%clk 1:17:18]} Bg7 {[%clk 1:21:46]} 11. g3 {[%clk
1:12:16]} d6 {[%clk 1:18:21]} 12. f4 {[%clk 0:58:09]} O-O {[%clk 1:16:57]} 13.
Nd2 {[%clk 0:53:41]} Rfe8 {[%clk 1:12:36]} 14. Nf3 {[%clk 0:52:27]} dxe5 {[%clk
1:11:44]} 15. fxe5 {[%clk 0:48:28]} f6 {[%clk 1:07:22]} 16. O-O-O {[%clk
0:45:06]} fxe5 {[%clk 1:05:16]} 17. Qe4 {[%clk 0:41:07]} Qc5 {[%clk 1:01:23]}
18. Bh3 {[%clk 0:34:03]} Nf6 {[%clk 0:54:41]} 19. Qe2 {[%clk 0:32:24]} e4
{[%clk 0:49:22]} 20. Nd4 {[%clk 0:31:39]} Bc8 {[%clk 0:47:31]} 21. Bxc8 {[%clk
0:31:18]} Raxc8 {[%clk 0:47:39]} 22. Nc2 {[%clk 0:29:31]} a5 {[%clk 0:44:42]}
23. Rhf1 {[%clk 0:27:15]} Qe7 {[%clk 0:37:12]} 24. Rde1 {[%clk 0:25:28]} Nd7
{[%clk 0:32:52]} 25. Bxg7 {[%clk 0:23:48]} Qxg7 {[%clk 0:32:59]} 26. Qf2 {[%clk
0:22:03]} Ne5 {[%clk 0:31:44]} 27. Rd1 {[%clk 0:18:38]} Nd3+ {[%clk 0:31:19]}
28. Rxd3 {[%clk 0:18:53]} exd3 {[%clk 0:31:35]} 0-1

[Event "DEM U16w 2022"]
[Site "Willingen GER"]
[Date "2022.06.08"]
[Round "6"]
[White "Voigt, Anastasia"]
[Black "Hubert, Charlotte"]
[Result "0-1"]
[Termination "normal"]
[Board "2"]
[WhiteElo "1665"]
[BlackElo "1651"]
[WhiteClock "00:01:55"]
[BlackClock "00:07:05"]
[PlyCount "52"]
[WhiteFideId "16235223"]
[BlackFideId "16265920"]
[EventCountry "GER"]
[EventRounds "9"]
[EventType "swiss"]
[EventDate "2022.06.04"]

1. e4 {[%clk 1:30:57]} c5 {[%clk 1:30:49]} 2. Nc3 {[%clk 1:31:23]} d6 {[%clk
1:31:05]} 3. d4 {[%clk 1:31:49]} cxd4 {[%clk 1:31:20]} 4. Qxd4 {[%clk 1:32:15]}
Nc6 {[%clk 1:31:34]} 5. Qd2 {[%clk 1:32:40]} g6 {[%clk 1:31:10]} 6. b3 {[%clk
1:32:54]} Bg7 {[%clk 1:28:39]} 7. Bb2 {[%clk 1:33:11]} Nf6 {[%clk 1:26:13]} 8.
O-O-O {[%clk 1:33:02]} O-O {[%clk 1:18:09]} 9. Kb1 {[%clk 1:30:13]} a5 {[%clk
1:07:50]} 10. f3 {[%clk 1:27:43]} Bd7 {[%clk 1:01:09]} 11. Bb5 {[%clk 1:15:50]}
Na7 {[%clk 0:52:58]} 12. Bxd7 {[%clk 1:12:36]} Nxd7 {[%clk 0:53:07]} 13. g4
{[%clk 1:01:36]} b5 {[%clk 0:48:03]} 14. g5 {[%clk 0:56:38]} b4 {[%clk
0:38:39]} 15. Na4 {[%clk 0:44:02]} Nb5 {[%clk 0:33:22]} 16. Qf2 {[%clk
0:30:16]} Qc7 {[%clk 0:28:46]} 17. h4 {[%clk 0:26:32]} Na3+ {[%clk 0:17:33]}
18. Bxa3 {[%clk 0:20:42]} bxa3 {[%clk 0:17:56]} 19. Ne2 {[%clk 0:19:30]} Rfc8
{[%clk 0:15:22]} 20. Nf4 {[%clk 0:12:58]} Nc5 {[%clk 0:11:10]} 21. Nd5 {[%clk
0:07:47]} Qb7 {[%clk 0:08:33]} 22. Nab6 a4 {[%clk 0:08:20]} 23. Nxc8 {[%clk
0:06:19]} Rxc8 {[%clk 0:08:02]} 24. b4 {[%clk 0:06:29]} e6 {[%clk 0:07:30]} 25.
c3 {[%clk 0:02:44]} exd5 {[%clk 0:07:43]} 26. Rd4 {[%clk 0:01:55]} Ne6 {[%clk
0:07:05]} 0-1

[Event "DEM U16w 2022"]
[Site "Willingen GER"]
[Date "2022.06.08"]
[Round "6"]
[White "Zöllner, Bente"]
[Black "Prinzen, Siri Marleen"]
[Result "1-0"]
[Termination "normal"]
[Board "3"]
[WhiteElo "1614"]
[BlackElo "1744"]
[WhiteClock "00:26:59"]
[BlackClock "00:15:35"]
[PlyCount "91"]
[WhiteFideId "16230523"]
[BlackFideId "16265912"]
[EventCountry "GER"]
[EventRounds "9"]
[EventType "swiss"]
[EventDate "2022.06.04"]

1. d4 {[%clk 1:30:57]} d5 {[%clk 1:30:56]} 2. c4 {[%clk 1:31:21]} e6 {[%clk
1:31:22]} 3. Nc3 {[%clk 1:31:44]} Nf6 {[%clk 1:31:48]} 4. Bg5 {[%clk 1:32:03]}
Nbd7 {[%clk 1:31:57]} 5. e3 {[%clk 1:32:14]} c6 {[%clk 1:32:07]} 6. cxd5 {[%clk
1:32:22]} exd5 {[%clk 1:32:16]} 7. Bd3 {[%clk 1:32:18]} Be7 {[%clk 1:32:32]} 8.
Qc2 {[%clk 1:32:29]} h6 {[%clk 1:32:51]} 9. Bh4 {[%clk 1:32:42]} O-O {[%clk
1:33:01]} 10. Nge2 {[%clk 1:32:53]} Re8 {[%clk 1:32:53]} 11. O-O {[%clk
1:32:47]} Ne4 {[%clk 1:32:42]} 12. Bxe7 {[%clk 1:32:41]} Qxe7 {[%clk 1:33:06]}
13. Bxe4 {[%clk 1:32:59]} dxe4 {[%clk 1:33:30]} 14. d5 {[%clk 1:33:15]} c5
{[%clk 1:32:44]} 15. Nb5 {[%clk 1:28:13]} Qe5 {[%clk 1:24:41]} 16. Ng3 {[%clk
1:06:09]} b6 {[%clk 1:20:50]} 17. Qd2 {[%clk 1:00:06]} a6 {[%clk 1:14:46]} 18.
Nc3 {[%clk 0:59:30]} Nf6 {[%clk 1:14:30]} 19. Rae1 {[%clk 0:54:11]} Bb7 {[%clk
1:10:32]} 20. f3 {[%clk 0:51:29]} exf3 {[%clk 1:08:04]} 21. Rxf3 {[%clk
0:51:18]} Bxd5 {[%clk 1:07:23]} 22. Rf5 {[%clk 0:49:30]} Qe6 {[%clk 1:02:50]}
23. Nxd5 {[%clk 0:49:20]} Nxd5 {[%clk 1:02:51]} 24. Rxd5 {[%clk 0:46:57]} Rab8
{[%clk 0:54:27]} 25. e4 {[%clk 0:44:59]} Kh7 {[%clk 0:48:56]} 26. Rd1 {[%clk
0:43:06]} Rb7 {[%clk 0:45:26]} 27. Rd7 {[%clk 0:40:49]} Rxd7 {[%clk 0:40:55]}
28. Qxd7 {[%clk 0:41:08]} Re7 {[%clk 0:41:08]} 29. Qxe6 {[%clk 0:40:48]} Rxe6
{[%clk 0:41:32]} 30. Kf2 {[%clk 0:40:53]} Kg6 {[%clk 0:41:12]} 31. Kf3 {[%clk
0:40:23]} Kh7 {[%clk 0:36:35]} 32. Rd5 {[%clk 0:38:22]} g6 {[%clk 0:35:57]} 33.
Kf4 {[%clk 0:36:41]} Rf6+ {[%clk 0:34:27]} 34. Ke3 {[%clk 0:36:07]} Re6 {[%clk
0:34:25]} 35. e5 {[%clk 0:35:41]} Kg7 {[%clk 0:31:19]} 36. Ne4 {[%clk 0:33:47]}
Re8 {[%clk 0:25:40]} 37. Nf6 {[%clk 0:33:32]} Rc8 {[%clk 0:22:49]} 38. Rd6
{[%clk 0:30:49]} b5 {[%clk 0:22:26]} 39. Rxa6 {[%clk 0:30:05]} c4 {[%clk
0:21:51]} 40. Nd5 {[%clk 0:28:52]} Kf8 {[%clk 0:19:11]} 41. Rb6 {[%clk
0:27:25]} Ra8 {[%clk 0:16:44]} 42. a3 {[%clk 0:27:31]} c3 {[%clk 0:15:06]} 43.
Nxc3 {[%clk 0:27:21]} Rd8 {[%clk 0:15:17]} 44. Rxb5 {[%clk 0:27:05]} Ke7 {[%clk
0:15:23]} 45. Rd5 {[%clk 0:26:48]} Rb8 {[%clk 0:15:35]} 46. b4 {[%clk 0:26:59]}
1-0

[Event "DEM U16w 2022"]
[Site "Willingen GER"]
[Date "2022.06.08"]
[Round "6"]
[White "Buchholz, Maja"]
[Black "Werner, Rosalie"]
[Result "1-0"]
[Termination "normal"]
[Board "4"]
[WhiteElo "1939"]
[BlackElo "1706"]
[WhiteClock "00:22:51"]
[BlackClock "00:01:03"]
[PlyCount "81"]
[WhiteFideId "16200500"]
[BlackFideId "16223748"]
[EventCountry "GER"]
[EventRounds "9"]
[EventType "swiss"]
[EventDate "2022.06.04"]

1. c4 {[%clk 1:30:56]} c5 {[%clk 1:30:56]} 2. g3 {[%clk 1:31:21]} g6 {[%clk
1:31:22]} 3. Bg2 {[%clk 1:31:46]} Bg7 {[%clk 1:31:46]} 4. Nc3 {[%clk 1:32:05]}
Nc6 {[%clk 1:32:10]} 5. Nf3 {[%clk 1:32:24]} e5 {[%clk 1:32:29]} 6. O-O {[%clk
1:32:40]} Nge7 {[%clk 1:32:52]} 7. Ne1 {[%clk 1:32:51]} d6 {[%clk 1:29:13]} 8.
Nc2 {[%clk 1:33:05]} Be6 {[%clk 1:27:13]} 9. Ne3 {[%clk 1:32:57]} a6 {[%clk
1:24:21]} 10. a3 {[%clk 1:28:27]} Rb8 {[%clk 1:20:45]} 11. Rb1 {[%clk 1:22:45]}
b5 {[%clk 1:13:21]} 12. b3 {[%clk 1:18:56]} O-O {[%clk 1:01:26]} 13. Bb2 {[%clk
1:18:02]} f5 {[%clk 0:59:48]} 14. d3 {[%clk 1:11:36]} g5 {[%clk 0:51:53]} 15.
Qd2 {[%clk 0:59:13]} h6 {[%clk 0:37:26]} 16. f4 {[%clk 0:56:51]} gxf4 {[%clk
0:33:22]} 17. gxf4 {[%clk 0:56:59]} Nd4 {[%clk 0:30:12]} 18. Ba1 {[%clk
0:53:43]} exf4 {[%clk 0:25:42]} 19. Ned5 {[%clk 0:52:12]} f3 {[%clk 0:22:20]}
20. exf3 {[%clk 0:51:17]} Nxd5 {[%clk 0:16:53]} 21. Nxd5 {[%clk 0:47:14]} Bxd5
{[%clk 0:15:24]} 22. cxd5 {[%clk 0:47:35]} f4 {[%clk 0:15:24]} 23. Kh1 {[%clk
0:46:38]} Qg5 {[%clk 0:14:42]} 24. b4 {[%clk 0:46:03]} Qxd5 {[%clk 0:13:44]}
25. Qf2 {[%clk 0:44:35]} Rbe8 {[%clk 0:13:04]} 26. Rbe1 {[%clk 0:41:51]} Rxe1
{[%clk 0:09:20]} 27. Rxe1 {[%clk 0:41:51]} Qb3 {[%clk 0:09:16]} 28. Bh3 {[%clk
0:40:46]} Qxd3 {[%clk 0:07:43]} 29. Bxd4 {[%clk 0:39:34]} Bxd4 {[%clk 0:06:22]}
30. Qg2+ {[%clk 0:39:10]} Kh8 {[%clk 0:06:04]} 31. Be6 {[%clk 0:37:56]} Be3
{[%clk 0:05:55]} 32. Qg4 {[%clk 0:34:52]} c4 {[%clk 0:03:21]} 33. Qh5 {[%clk
0:27:00]} Kh7 {[%clk 0:02:18]} 34. Qh4 {[%clk 0:26:22]} Qg6 {[%clk 0:01:37]}
35. Qe7+ {[%clk 0:23:29]} Qg7 {[%clk 0:01:56]} 36. Qxd6 {[%clk 0:23:19]} Rf6
{[%clk 0:01:45]} 37. Qe5 {[%clk 0:22:13]} Rg6 {[%clk 0:01:32]} 38. Qe4 {[%clk
0:22:12]} Qe7 {[%clk 0:00:42]} 39. Bg8+ {[%clk 0:22:18]} Kxg8 {[%clk 0:00:54]}
40. Qxe7 {[%clk 0:22:42]} c3 {[%clk 0:01:03]} 41. Rd1 {[%clk 0:22:51]} 1-0

[Event "DEM U16w 2022"]
[Site "Willingen GER"]
[Date "2022.06.08"]
[Round "6"]
[White "Cordes, Jule"]
[Black "Sereda, Yaroslava"]
[Result "0-1"]
[Termination "normal"]
[Board "5"]
[WhiteElo "1841"]
[BlackElo "1698"]
[WhiteClock "00:03:05"]
[BlackClock "00:06:18"]
[PlyCount "66"]
[WhiteFideId "1060708"]
[BlackFideId "14178940"]
[EventCountry "GER"]
[EventRounds "9"]
[EventType "swiss"]
[EventDate "2022.06.04"]

1. d4 {[%clk 1:30:58]} d5 {[%clk 1:30:51]} 2. c4 {[%clk 1:31:21]} e6 {[%clk
1:31:14]} 3. Nc3 {[%clk 1:31:41]} Nf6 {[%clk 1:31:36]} 4. cxd5 {[%clk 1:31:48]}
exd5 {[%clk 1:31:56]} 5. Bg5 {[%clk 1:32:11]} Be7 {[%clk 1:32:10]} 6. e3 {[%clk
1:32:27]} O-O {[%clk 1:31:59]} 7. Qc2 {[%clk 1:32:42]} Nbd7 {[%clk 1:31:50]} 8.
Nf3 {[%clk 1:31:33]} c6 {[%clk 1:29:42]} 9. Bd3 {[%clk 1:31:22]} Re8 {[%clk
1:29:04]} 10. O-O {[%clk 1:31:20]} Nf8 {[%clk 1:20:57]} 11. h3 {[%clk 1:31:01]}
h6 {[%clk 1:20:04]} 12. Bf4 {[%clk 1:23:28]} Ne6 {[%clk 1:14:27]} 13. Bh2
{[%clk 1:22:29]} Bd6 {[%clk 1:10:19]} 14. Rab1 {[%clk 1:21:39]} Bxh2+ {[%clk
1:08:43]} 15. Kxh2 {[%clk 1:21:43]} Ng5 {[%clk 0:57:41]} 16. Ne5 {[%clk
1:15:09]} c5 {[%clk 0:49:27]} 17. Rfc1 {[%clk 0:56:40]} Be6 {[%clk 0:36:08]}
18. Na4 {[%clk 0:47:54]} c4 {[%clk 0:32:22]} 19. Bf5 {[%clk 0:47:02]} Nfe4
{[%clk 0:28:31]} 20. Bxe4 {[%clk 0:35:39]} Nxe4 {[%clk 0:26:09]} 21. Re1 {[%clk
0:34:42]} Qh4 {[%clk 0:24:48]} 22. Kg1 {[%clk 0:30:39]} g6 {[%clk 0:16:57]} 23.
Rbd1 {[%clk 0:27:57]} Ng5 {[%clk 0:15:25]} 24. Nc5 {[%clk 0:23:15]} Bxh3 {[%clk
0:11:53]} 25. f4 {[%clk 0:15:19]} Bf5 {[%clk 0:10:54]} 26. Qe2 {[%clk 0:13:39]}
Ne4 {[%clk 0:10:33]} 27. Nxb7 {[%clk 0:07:54]} Ng3 {[%clk 0:09:51]} 28. Qd2
{[%clk 0:08:01]} Rxe5 {[%clk 0:07:17]} 29. Nc5 Be4 {[%clk 0:06:24]} 30. Kf2
{[%clk 0:03:32]} Nf1+ {[%clk 0:05:34]} 31. g3 {[%clk 0:02:29]} Qh2+ {[%clk
0:05:36]} 32. Kxf1 {[%clk 0:02:47]} Qh1+ {[%clk 0:05:58]} 33. Ke2 {[%clk
0:03:05]} Qg2# {[%clk 0:06:18]} 0-1

[Event "DEM U16w 2022"]
[Site "Willingen GER"]
[Date "2022.06.08"]
[Round "6"]
[White "Glowiak, Alexandra"]
[Black "Petersen, Sophie"]
[Result "1/2-1/2"]
[Termination "normal"]
[Board "6"]
[WhiteElo "1503"]
[BlackElo "1653"]
[WhiteClock "00:04:52"]
[BlackClock "00:19:54"]
[PlyCount "103"]
[WhiteFideId "16259530"]
[BlackFideId "16229380"]
[EventCountry "GER"]
[EventRounds "9"]
[EventType "swiss"]
[EventDate "2022.06.04"]

1. e4 {[%clk 1:30:57]} c5 {[%clk 1:30:55]} 2. Nf3 {[%clk 1:31:23]} d6 {[%clk
1:31:21]} 3. d4 {[%clk 1:31:41]} cxd4 {[%clk 1:31:43]} 4. Nxd4 {[%clk 1:32:07]}
Nf6 {[%clk 1:32:01]} 5. Nc3 {[%clk 1:31:41]} a6 {[%clk 1:32:22]} 6. Be2 {[%clk
1:31:39]} e5 {[%clk 1:32:27]} 7. Nb3 {[%clk 1:31:35]} Be6 {[%clk 1:31:39]} 8.
O-O {[%clk 1:28:51]} Be7 {[%clk 1:29:38]} 9. Be3 {[%clk 1:26:12]} Nbd7 {[%clk
1:28:53]} 10. f3 {[%clk 1:07:20]} O-O {[%clk 1:27:01]} 11. Nd5 {[%clk 1:03:15]}
Nxd5 {[%clk 1:24:15]} 12. exd5 {[%clk 1:03:37]} Bf5 {[%clk 1:24:24]} 13. f4
{[%clk 0:51:55]} exf4 {[%clk 1:23:07]} 14. Bxf4 {[%clk 0:51:48]} Bg6 {[%clk
1:22:25]} 15. Bd3 {[%clk 0:50:13]} Ne5 {[%clk 1:19:34]} 16. Bxe5 {[%clk
0:40:38]} dxe5 {[%clk 1:19:51]} 17. Bxg6 {[%clk 0:40:01]} hxg6 {[%clk 1:19:00]}
18. c4 {[%clk 0:39:13]} b6 {[%clk 1:17:59]} 19. Qe2 {[%clk 0:37:20]} Bd6 {[%clk
1:15:10]} 20. Nd2 {[%clk 0:36:38]} f5 {[%clk 1:10:31]} 21. g3 {[%clk 0:23:36]}
b5 {[%clk 1:04:22]} 22. b3 {[%clk 0:23:01]} Rc8 {[%clk 0:56:43]} 23. Rac1
{[%clk 0:21:25]} bxc4 {[%clk 0:49:32]} 24. bxc4 {[%clk 0:20:22]} Qb6+ {[%clk
0:45:48]} 25. Kg2 {[%clk 0:16:00]} e4 {[%clk 0:44:13]} 26. Nb3 {[%clk 0:15:12]}
Rc7 {[%clk 0:34:00]} 27. Rc2 {[%clk 0:04:06]} Rfc8 {[%clk 0:33:16]} 28. Rb1
{[%clk 0:02:20]} a5 {[%clk 0:32:24]} 29. Nd2 {[%clk 0:02:34]} Qa7 {[%clk
0:32:04]} 30. Rcb2 {[%clk 0:01:56]} e3 {[%clk 0:30:48]} 31. Nf1 {[%clk
0:01:58]} Rxc4 {[%clk 0:29:37]} 32. Qxe3 {[%clk 0:02:17]} Rc2+ {[%clk 0:25:37]}
33. Kh1 {[%clk 0:02:05]} Qxe3 {[%clk 0:21:39]} 34. Nxe3 {[%clk 0:02:34]} Rc1+
{[%clk 0:20:50]} 35. Kg2 {[%clk 0:01:50]} Rxb1 {[%clk 0:19:20]} 36. Rxb1 {[%clk
0:02:19]} Rc3 {[%clk 0:18:51]} 37. Rb3 {[%clk 0:02:37]} Rxb3 {[%clk 0:14:38]}
38. axb3 {[%clk 0:03:06]} Kf7 {[%clk 0:14:20]} 39. Nc4 {[%clk 0:03:24]} Bc7
{[%clk 0:14:05]} 40. Kf3 {[%clk 0:03:27]} Ke7 {[%clk 0:10:35]} 41. Ke3 {[%clk
0:14:01]} g5 {[%clk 0:32:33]} 42. d6+ {[%clk 0:06:59]} Bxd6 {[%clk 0:32:30]}
43. Nxa5 {[%clk 0:07:24]} f4+ {[%clk 0:29:27]} 44. Kf3 {[%clk 0:07:26]} Kd7
{[%clk 0:27:33]} 45. Nc4 {[%clk 0:07:20]} Bc7 {[%clk 0:26:45]} 46. Nb2 {[%clk
0:05:16]} Kc6 {[%clk 0:25:44]} 47. Nd3 {[%clk 0:05:30]} fxg3 {[%clk 0:22:35]}
48. hxg3 {[%clk 0:05:50]} Kd5 {[%clk 0:22:54]} 49. Kg4 {[%clk 0:04:19]} Bd6
{[%clk 0:20:27]} 50. Kxg5 {[%clk 0:04:16]} Bxg3 {[%clk 0:20:31]} 51. Kg6 {[%clk
0:04:31]} Kd4 {[%clk 0:19:54]} 52. Kxg7 {[%clk 0:04:52]} 1/2-1/2